| 000 | 00000nam##2200000za#4500 |
| 001 | 9.662557 |
| 003 | CaOODSP |
| 005 | 20210615120621 |
| 007 | ta |
| 008 | 150407|2001||||xxc||||| f|0| 0 eng|d |
| 020 | |a0-662-65529-X |
| 040 | |aCaOODSP|beng |
| 041 | |aeng |
| 041 | |afre |
| 043 | |an-cn--- |
| 086 | 1 |aFs23-396/2001 |
| 110 | 1 |aCanada. |bDepartment of Fisheries and Oceans. |
| 245 | 10|aRecreational fisheries in Canada : |ban operational policy framework |
| 260 | |aOttawa - Ontario : |bFisheries and Oceans Canada |c2001. |
| 300 | |aEnglish text, 6p. : |billus. ; |c28 cm. |
| 546 | |aBilingual |
| 563 | |aSoftcover |
| 590 | |a01-18|b2001-05-04 |
| 690 | 07|aFishing (Sport)|2gcpds |
| 690 | 07|aFisheries policy|2gcpds |
| 776 | 0#|tLa pêche récréative au Canada : |w(CaOODSP)9.641162 |
| 776 | 0#|tRecreational fisheries in Canada : |w(CaOODSP)9.697095 |
| 792 | |tLa pêche récréative au Canada : |efre|w(CaOODSP)9.662558 |